• 首页
  • 本馆介绍
  • 公告通知
  • 最新文献
  • 馆藏检索
  • 电子资源
  • 读者导购
  • 参考咨询
  • 我的图书馆
  • 登录
  • 详细信息显示
  • 放入我的书架
  • 预约/预借图书
  • 作者相关作品
  • 分类相关作品
  • 丛书相关作品
  • 出版社相关作品

书目信息

  • 表格格式
  • 工作单格式
  • 卡片格式
题名:
木质纤维素的生物转化
    
 
作者: 刘同军 著
分册:  
出版信息: 北京   中国水利水电出版社  2018
页数: 189页
开本: 23cm
丛书名:
单 册:
中图分类: TQ352.6 , TQ352.6
科图分类:
主题词: 木纤维--mu xian wei--纤维素--生物降解--研究
电子资源:
ISBN: 978-7-5170-6799-3
000 01556nam0 2200265 450
001 012001000626
005 20131106135857.0
010    @a978-7-5170-6799-3@dCNY49.00
099    @aCAL 012019020100
100    @a20181206d2018 em y0chiy50 ea
101 0  @achi
102    @aCN@b110000
105    @aak a 000yy
106    @ar
200 1  @a木质纤维素的生物转化@Amu zhi xian wei su de sheng wu zhuan hua@f刘同军著
210    @a北京@c中国水利水电出版社@d2018
215    @a189页@c图@d23cm
320    @a有书目 (第188-189页)
330    @a在科学技术飞速发展的21世纪,全世界都在追求经济的迅猛发展,人类的生活水平不断提高,社会也越加富裕,但是随之而来的是全球范围内的资源短缺,特别是人们生活和生产赖以生存的重要能源。为了更好地保护自然生态环境,探索人类和地球和谐发展的共同途径,生物能源逐渐进入大众的视野。与一般的矿物能源不同,生物能源是利用生物质、水、无机物通过生物转化,可以再生的一种新式能源。与石油、煤相比,生物能源作为一种清洁燃料已慢慢地在人类的社会生产中占据重要地位。而木质纤维素是转化生物能源的最主要原料之一,研究其生物转化具有十分重要的现实意义。本书将目光重点放在木质纤维素的生物转化和水解上,具体内容包括生物能源和燃料乙醇的概述、木质纤维素的预处理、木质纤维素的酶水解和影响因素、水解液的基本知识等。本书内容精炼、图文并茂,适合高等院校环境保护、生物化学等相关专业师生使用,也可供相关专业科研和服务行业人员参考。
606 0  @a木纤维@Amu xian wei@x纤维素@x生物降解@x研究
690    @aTQ352.6@v4
690    @aTQ352.6@v5
701  0 @a刘同军@Aliu tong jun@4著
801  0 @aCN@b北京卓展文化@c20191020
905    @b1196517-21@dTQ352.6@e32@f5
    
    木质纤维素的生物转化/刘同军著.-北京:中国水利水电出版社,2018
    189页:图;23cm
    
    
    ISBN 978-7-5170-6799-3:CNY49.00
    在科学技术飞速发展的21世纪,全世界都在追求经济的迅猛发展,人类的生活水平不断提高,社会也越加富裕,但是随之而来的是全球范围内的资源短缺,特别是人们生活和生产赖以生存的重要能源。为了更好地保护自然生态环境,探索人类和地球和谐发展的共同途径,生物能源逐渐进入大众的视野。与一般的矿物能源不同,生物能源是利用生物质、水、无机物通过生物转化,可以再生的一种新式能源。与石油、煤相比,生物能源作为一种清洁燃料已慢慢地在人类的社会生产中占据重要地位。而木质纤维素是转化生物能源的最主要原料之一,研究其生物转化具有十分重要的现实意义。本书将目光重点放在木质纤维素的生物转化和水解上,具体内容包括生物能源和燃料乙醇的概述、木质纤维素的预处理、木质纤维素的酶水解和影响因素、水解液的基本知识等。本书内容精炼、图文并茂,适合高等院校环境保护、生物化学等相关专业师生使用,也可供相关专业科研和服务行业人员参考。
●
相关链接 在E读中查询图书 在五车中查询图书 在当当中查询图书 在豆瓣中查询图书


正题名:木质纤维素的生物转化     索取号:TQ352.6/32         预约/预借

序号 登录号 条形码 馆藏地/架位号 状态 备注
1 1196517   211965177   第二样本阅览室/ [索取号:TQ352.6/32] 在馆    
2 1196518   211965186   第三借阅区/ [索取号:TQ352.6/32] 在馆    
3 1196519   211965195   第三借阅区/ [索取号:TQ352.6/32] 在馆    
4 1196520   211965202   第三借阅区/ [索取号:TQ352.6/32] 在馆    
5 1196521   211965211   第三借阅区/ [索取号:TQ352.6/32] 在馆    
唐山师范学院图书馆 欢迎您!
大连网信软件有限公司© 版权所有